Angola First Level Subdivisions - Statistics

General Stats
  • This quiz has been taken 147 times
  • The average score is 10 of 18
Answer Stats
Provincías % Correct
Luanda
97%
Cabinda
72%
Lunda Norte
60%
Lunda Sul
60%
Cuanza Norte
57%
Cuanza Sul
57%
Moxico
57%
Zaire
57%
Benguela
55%
Cuando Cubango
53%
Uíge
53%
Bengo
52%
Huíla
52%
Huambo
50%
Malanje
50%
Namibe
50%
Bié
48%
Cunene
47%
No matching quizzes found
Score Distribution
Percent of People with Each Score
Percentile by Number Answered
Your Score History
You have not taken this quiz